| 000 | 01099cam a22003254a 4500 | ||
|---|---|---|---|
| 001 | 14260465 | ||
| 005 | 20180227081428.0 | ||
| 008 | 060210s2007 maua b 001 0 eng | ||
| 010 | _a 2006004755 | ||
| 015 |
_aGBA628162 _2bnb |
||
| 016 | 7 |
_a013415406 _2Uk |
|
| 020 | _a1405129565 (hardback : alk. paper) | ||
| 020 | _a9781405129565 (hardback : alk. paper) | ||
| 020 | _a1405129557 (pbk. : alk. paper) | ||
| 020 | _a9781405129558 (pbk. : alk. paper) | ||
| 035 | _a(OCoLC)ocm64335744 | ||
| 040 |
_aDLC _cDLC _dBAKER _dBTCTA _dYDXCP _dUKM _dC#P _dYDX _dDLC |
||
| 041 | _aeng | ||
| 042 | _apcc | ||
| 043 | _an-us-dc | ||
| 080 | _a307.336209753 MOD | ||
| 082 | 0 | 0 |
_a307.336209753 MOD _222 |
| 100 | 1 | _a19 | |
| 101 | _aPOL | ||
| 245 | 1 | 0 |
_aTurf wars : _cGabriella Gahlia Modan. |
| 504 | _aIncludes bibliographical references (p. [336]-350) and index. | ||
| 906 |
_a7 _bcbc _corignew _d1 _eecip _f20 _gy-gencatlg |
||
| 942 |
_2ddc _cBK |
||
| 999 |
_c43623 _d43623 |
||